Telecommunication Swithcing (Record no. 136424)

000 -LEADER
fixed length control field 00284nam a2200121Ia 4500
008 - FIXED-LENGTH DATA ELEMENTS--GENERAL INFORMATION
fixed length control field 220120s9999||||xx |||||||||||||| ||und||
020 ## - INTERNATIONAL STANDARD BOOK NUMBER
International Standard Book Number 435272314
082 ## - DEWEY DECIMAL CLASSIFICATION NUMBER
Classification number 005.1 HAM
100 ## - MAIN ENTRY--PERSONAL NAME
Personal name Chandrashekar, K
245 #0 - TITLE STATEMENT
Title Telecommunication Swithcing
260 ## - PUBLICATION, DISTRIBUTION, ETC.
Date of publication, distribution, etc. 2004
300 ## - PHYSICAL DESCRIPTION
Extent 79p.
Other physical details 0
Holdings
Withdrawn status Lost status Damaged status Not for loan Collection code Home library Current library Date acquired Barcode Date last seen Price effective from Koha item type
        Electronics and Communication Engineering Central Library Central Library 01/20/2022 GF283 01/20/2022 01/20/2022 Gift Books

Powered by Koha